| LEADER |
01000nam0a2200229 450 |
| 001 |
16847856 |
| 010 |
|
|
|a 978-2-35204-132-0
|b Br.
|d 21,8
|
| 100 |
|
|
|a 20110221d2011 u u0frey01 ba
|
| 101 |
1 |
|
|a fre
|c eng
|
| 102 |
|
|
|a FR
|
| 200 |
0 |
|
|a Burn-out
|e le syndrome d'épuisement professionnel
|f Christina Maslach, Michael P. Leiter
|g traduit de l'anglais (Etats-Unis) par Véronique Gourdon - préface Patrick Légeron
|
| 207 |
|
1 |
|a
|
| 210 |
|
|
|a Paris
|c Les arènes
|d 2011
|
| 215 |
|
|
|a 269 p.
|d 22 x 15 cm
|
| 330 |
|
|
|a Le burn-out est un état d'épuisement physique et émotionnel qui se manifeste au travail. L'ouvrage en explique les causes et propose des conseils pour y remédier.
|
| 700 |
|
0 |
|a Maslach
|b Christina
|4 70
|
| 701 |
|
0 |
|a Leiter
|b Michael P.
|4 70
|
| 702 |
|
0 |
|a Gourdon
|b Véronique
|4 730
|
| 702 |
|
0 |
|a Légeron
|b Patrick
|4 80
|
| 900 |
|
|
|a Documentaire
|
| 901 |
|
|
|a Accessible au prêt
|
| 995 |
|
|
|a Bibliothèque
|c Bibliothèque
|f 00156008198715
|h 00156008198715
|k 331.256 MAS
|o p
|q a
|r az
|e Bibliothèque
|